[Event "Lieme- Solingen 3"]
[Site "?"]
[Date "2022.09.11"]
[Round "1.4"]
[White "Himpenmacher, Andy"]
[Black "Asadzade, Idris"]
[Result "1/2-1/2"]
[WhiteElo "2166"]
[BlackElo "2229"]
[PlyCount "107"]
[EventDate "2022.??.??"]
[SourceVersionDate "2023.06.22"]

1. Nf3 d5 2. e3 Nf6 3. b3 c5 4. Bb2 Nc6 5. Bb5 Bd7 6. O-O g6 7. Bxc6 Bxc6 8.
Ne5 Qc7 9. d3 Bg7 10. Nxc6 Qxc6 11. Nd2 O-O 12. Qe2 b5 13. a4 a6 14. Ra2 b4 15.
Raa1 Rac8 16. Rfe1 Rfd8 17. Rad1 Rd7 18. Nf3 Rdd8 19. Ne5 Qc7 20. Qf3 d4 21.
Nc4 Nd5 22. e4 Nb6 23. Nxb6 Qxb6 24. Bc1 e5 25. Qg3 Re8 26. f4 exf4 27. Bxf4
Qc6 28. Rf1 Re6 29. Rf2 Rd8 30. Rdf1 Rd7 31. Qh3 Rb7 32. Qh4 f6 33. Bh6 Rf7 34.
g4 Re5 35. Bxg7 Kxg7 36. g5 Rxg5+ 37. Qxg5 fxg5 38. Rxf7+ Kh6 39. h3 Qc8 40.
Kg2 g4 41. Rh1 Qe6 42. hxg4+ Kg5 43. Rf3 h6 44. Re1 Qe5 45. Kh3 Qe6 46. Rg1 Qd7
47. Kh2 Qd6+ 48. Kh3 a5 49. Re1 Qe6 50. Kg2 Qe5 51. Rh1 Qe6 52. Re1 Qe5 53. Rh1
Qe6 54. Re1 1/2-1/2

[Event "Lieme- Solingen 3"]
[Site "?"]
[Date "2022.09.11"]
[Round "1.5"]
[White "Borchert, Stephan"]
[Black "Essing, Arnold"]
[Result "1-0"]
[WhiteElo "2075"]
[BlackElo "2218"]
[Annotator "daniel"]
[PlyCount "113"]
[EventDate "2022.??.??"]
[SourceVersionDate "2023.06.22"]

1. e4 d6 2. d4 Nf6 3. Nc3 g6 4. Be3 c6 5. Qd2 b5 6. f3 Nbd7 7. Nge2 Nb6 8. b3
e5 9. a4 b4 10. Nd1 Qc7 11. a5 Nbd7 12. Ng3 Rb8 13. Bd3 Bg7 14. Qf2 exd4 15.
Bxd4 c5 16. Bb2 Ne5 17. Bxe5 dxe5 18. Ne3 Be6 19. O-O O-O 20. Rfd1 Rfd8 21. Qe2
Rd4 22. Ngf1 Bh6 23. Bc4 Rbd8 24. Bxe6 fxe6 25. Nc4 Nd7 26. Nfe3 Nb8 27. Ng4
Bg7 28. Rxd4 Rxd4 29. Nce3 Qb7 30. a6 Qb6 31. Nc4 Qc7 32. Na5 Rd6 33. Nb7 Rb6
34. Qc4 Nxa6 35. Rxa6 Qxb7 36. Rxb6 Qxb6 37. g3 h5 38. Nf2 Bh6 39. Kg2 Be3 40.
Nd3 Bd4 41. f4 exf4 42. Nxf4 Kf7 43. Qf1 Kg7 44. Qc4 Kf7 45. Qf1 Qc6 46. Qf3
Kg7 47. e5 Qxf3+ 48. Kxf3 Kf7 49. Ke4 a5 50. Nd3 Ke7 51. h3 Kf7 52. g4 hxg4 53.
hxg4 g5 54. Ne1 Bb2 55. Nf3 c4 56. Nxg5+ Ke7 57. Nf3 {ZÜ} 1-0

[Event "Lieme- Solingen 3"]
[Site "?"]
[Date "2022.09.11"]
[Round "1.6"]
[White "Schaffarczyk, Andre"]
[Black "Peschel, Andreas"]
[Result "1-0"]
[WhiteElo "2129"]
[BlackElo "2140"]
[PlyCount "57"]
[EventDate "2022.??.??"]
[SourceVersionDate "2023.06.22"]

1. e4 g6 2. d4 Bg7 3. Nc3 c6 4. f4 d5 5. e5 Nh6 6. Nf3 O-O 7. Be3 f6 8. Be2 Bg4
9. O-O Nf7 10. h3 Bxf3 11. Bxf3 fxe5 12. fxe5 e6 13. Ne2 c5 14. c3 Nc6 15. Bg4
Qe7 16. Nf4 Ncd8 17. Qd2 Re8 18. Rf2 cxd4 19. cxd4 Qd7 20. Nd3 b6 21. h4 Rf8
22. h5 gxh5 23. Bxh5 Nc6 24. Raf1 Nh8 25. Nf4 Rac8 26. Bg4 Rce8 27. Nh5 Rxf2
28. Qxf2 Rf8 29. Qxf8+ 1-0

[Event "Lieme- Solingen 3"]
[Site "?"]
[Date "2022.09.11"]
[Round "1.7"]
[White "Blasek, Ralph"]
[Black "Krallmann, Matthias"]
[Result "0-1"]
[WhiteElo "2230"]
[BlackElo "2142"]
[PlyCount "60"]
[EventDate "2022.??.??"]
[SourceVersionDate "2023.06.22"]

1. e4 c6 2. Nf3 d5 3. d3 dxe4 4. Ng5 Nf6 5. Nc3 Bg4 6. Qd2 e6 7. Ncxe4 Nxe4 8.
Nxe4 Bf5 9. Be2 Nd7 10. h4 h5 11. Qc3 Qb6 12. a3 Bxe4 13. dxe4 Bc5 14. O-O Bd4
15. Qe1 Qc7 16. c3 Bb6 17. Kh1 O-O-O 18. g3 Nc5 19. b4 Nxe4 20. Bf3 Nxf2+ 21.
Rxf2 Qxg3 22. Be3 Qh3+ 23. Kg1 Qg3+ 24. Kf1 Qh3+ 25. Kg1 Rh6 26. Bxb6 axb6 27.
a4 Rg6+ 28. Bg2 Rd3 29. Raa2 Qxh4 30. Qf1 Rh3 0-1

[Event "Lieme- Solingen 3"]
[Site "?"]
[Date "2022.09.11"]
[Round "1.8"]
[White "Wolf, Andre"]
[Black "Kushchan, Eduard"]
[Result "1/2-1/2"]
[WhiteElo "2106"]
[BlackElo "2015"]
[PlyCount "49"]
[EventDate "2022.??.??"]
[SourceVersionDate "2023.06.22"]

1. d4 d5 2. Nf3 Nf6 3. c4 c6 4. e3 g6 5. Nc3 Bg7 6. Be2 O-O 7. O-O Bg4 8. cxd5
Nxd5 9. h3 Bxf3 10. Bxf3 e6 11. Bd2 Nd7 12. Rc1 N7b6 13. Qb3 Re8 14. Rfd1 Qe7
15. Ne2 e5 16. e4 Nc7 17. Bb4 Qg5 18. d5 Ncxd5 19. exd5 e4 20. Bxe4 Rxe4 21.
Ng3 Rd4 22. dxc6 Rxd1+ 23. Rxd1 bxc6 24. Bc3 Qb5 25. Bxg7 1/2-1/2

[Event "Sodingen- Bünde"]
[Site "?"]
[Date "2022.09.11"]
[Round "1.1"]
[White "Pieper- Emden, Carsten"]
[Black "Boehnke, Martin"]
[Result "1/2-1/2"]
[WhiteElo "2250"]
[BlackElo "2187"]
[PlyCount "25"]
[SourceVersionDate "2023.06.22"]

1. Nf3 d5 2. c4 c6 3. b3 Nf6 4. Bb2 Bf5 5. d3 e6 6. g3 Nbd7 7. Bg2 Bd6 8. Nh4
Bg4 9. h3 Bh5 10. g4 Bg6 11. Nd2 Qe7 12. Qc2 O-O 13. Nxg6 1/2-1/2

[Event "Sodingen- Bünde"]
[Site "?"]
[Date "2022.09.11"]
[Round "1.2"]
[White "Waldschmidt, Georg"]
[Black "Brunke, Pascal"]
[Result "0-1"]
[WhiteElo "2185"]
[BlackElo "2056"]
[PlyCount "78"]
[SourceVersionDate "2023.06.22"]

1. e4 e6 2. d4 d5 3. e5 c5 4. c3 Nc6 5. Nf3 Qb6 6. Bd3 cxd4 7. O-O Bd7 8. Re1
Nge7 9. h4 a6 10. h5 g6 11. Nbd2 dxc3 12. bxc3 Qc7 13. Nb3 Bg7 14. Nbd4 gxh5
15. Ba3 Nxe5 16. Nxe5 Bxe5 17. Qxh5 Bd6 18. Bxd6 Qxd6 19. a4 O-O-O 20. a5 Rhg8
21. Rab1 Nc6 22. Rb6 Qc5 23. Nxc6 Bxc6 24. Reb1 Rd7 25. Bxa6 Rxg2+ 26. Kh1 Rxf2
27. Rxc6+ Qxc6 28. Bb5 Qc7 29. Bxd7+ Kxd7 30. Qh4 Rf5 31. Qa4+ Kd8 32. Qh4+ Kc8
33. a6 bxa6 34. Qxh7 Kd7 35. Qh8 d4 36. Qxd4+ Rd5 37. Qa4+ Qc6 38. Rb7+ Kd6 39.
Qf4+ Re5+ 0-1

[Event "Sodingen- Bünde"]
[Site "?"]
[Date "2022.09.11"]
[Round "1.3"]
[White "Kettler, Ilija Jonas"]
[Black "Werrn, Pascal"]
[Result "0-1"]
[WhiteElo "2119"]
[BlackElo "2080"]
[PlyCount "72"]
[SourceVersionDate "2023.06.22"]

1. d4 Nf6 2. c4 c5 3. d5 e5 4. Nc3 d6 5. e4 Be7 6. g3 O-O 7. Bg2 a6 8. a4 Nbd7
9. Nge2 Nh5 10. g4 Nf4 11. Nxf4 exf4 12. Bxf4 Ne5 13. Bxe5 dxe5 14. h3 Bg5 15.
Qd3 Bd7 16. O-O g6 17. f4 Bxf4 18. Rxf4 exf4 19. e5 Qg5 20. Re1 Rae8 21. Qe2
Kg7 22. b3 h5 23. gxh5 Bxh3 24. hxg6 Bxg2 25. Qxg2 Rxe5 26. Rxe5 Qxe5 27. gxf7+
Kxf7 28. Qf3 Rg8+ 29. Kf1 Rg3 30. Qe4 Qxe4 31. Nxe4 Rxb3 32. Nxc5 Rb4 33. a5
Rxc4 34. Nxb7 Ke7 35. Ke2 Kd7 36. Kd3 Rc7 0-1

[Event "Sodingen- Bünde"]
[Site "?"]
[Date "2022.09.11"]
[Round "1.4"]
[White "Becker, Joerg"]
[Black "Brunke, Christian"]
[Result "0-1"]
[WhiteElo "2187"]
[BlackElo "2161"]
[PlyCount "176"]
[SourceVersionDate "2023.06.22"]

1. d4 d6 2. g3 f5 3. Bg2 Nf6 4. Nh3 g6 5. c3 Bg7 6. Qb3 c6 7. O-O Qb6 8. Nd2
Qxb3 9. axb3 d5 10. Nf3 Ne4 11. Bf4 Nd7 12. Nhg5 Ndf6 13. Ne5 Nxg5 14. Bxg5 Nd7
15. Nd3 e5 16. dxe5 Nxe5 17. Bf4 Nxd3 18. exd3 Be6 19. Rfe1 Kf7 20. Be5 Bxe5
21. Rxe5 d4 22. Ra4 dxc3 23. bxc3 Rhd8 24. d4 Rd7 25. b4 Bc4 26. Ra1 a6 27. f4
Rc8 28. Bf3 Bd5 29. Be2 Rcd8 30. Bd3 Kf6 31. Kf2 Bf7 32. h3 h5 33. Rg1 Rh8 34.
Kf3 Bd5+ 35. Ke3 Ra8 36. Re1 Bf7 37. Kd2 Rh8 38. h4 Ra8 39. Kc2 Rad8 40. Kb2
Ra8 41. Rg1 Bd5 42. Be2 Bf7 43. Rd1 Bd5 44. c4 Bf7 45. Kc3 Rad8 46. Bf3 Rd6 47.
Rc5 Re8 48. d5 Re3+ 49. Rd3 Rxd3+ 50. Kxd3 cxd5 51. cxd5 b6 52. Rc6 Rxc6 53.
dxc6 Ke7 54. c7 Kd7 55. Bb7 Kxc7 56. Bxa6 Kd6 57. Bb5 Ke7 58. Kd4 Kd6 59. Ba4
Ke7 60. Ke5 Bc4 61. Bc6 Bf1 62. Bd5 Be2 63. Kd4 Bf1 64. Bb3 Bg2 65. Bd5 Bf1 66.
Bc6 Be2 67. Ke5 Bf1 68. Bf3 Ba6 69. Bd1 Bb7 70. Be2 Bc8 71. Bf3 Ba6 72. Ba8 Bf1
73. Bd5 Be2 74. Kd4 Bf1 75. Kc3 Be2 76. Kb3 Bd1+ 77. Ka3 Bc2 78. Bc4 Bd1 79.
Kb2 Bf3 80. Kc2 Bc6 81. Kb3 Bf3 82. Ka4 Bc6+ 83. Bb5 Kd6 84. Bxc6 Kxc6 85. Kb3
Kd5 86. Ka4 Kc4 87. b5 Kc5 88. Ka3 Kxb5 0-1

[Event "Sodingen- Bünde"]
[Site "?"]
[Date "2022.09.11"]
[Round "1.5"]
[White "Fuhlrott, Tim"]
[Black "Banik, Thorsten"]
[Result "1/2-1/2"]
[WhiteElo "1995"]
[BlackElo "2118"]
[PlyCount "217"]
[SourceVersionDate "2023.06.22"]

1. c4 e5 2. g3 Nf6 3. Bg2 Nc6 4. Nc3 Be7 5. e4 d6 6. Nge2 Nd4 7. Nxd4 exd4 8.
Nd5 Nxd5 9. cxd5 O-O 10. O-O f5 11. d3 Bf6 12. b3 Bd7 13. Bb2 Rc8 14. Qc2 Qe8
15. f4 c5 16. dxc6 Bxc6 17. Rfe1 fxe4 18. dxe4 d3 19. Qc4+ Qf7 20. Bxf6 Qxc4
21. bxc4 Rxf6 22. Rad1 b5 23. e5 dxe5 24. fxe5 Rff8 25. Bd5+ Bxd5 26. cxd5 Rc2
27. Rf1 d2 28. Rf2 Rxf2 29. Kxf2 Rxa2 30. e6 Kf8 31. d6 Ke8 32. Ke2 b4 33. Ke3
b3 34. Rf1 Ra6 35. d7+ Ke7 36. Rf7+ Kxe6 37. d8=Q Kxf7 38. Kxd2 Ra2+ 39. Kc3
Rxh2 40. Kxb3 Re2 41. Qd5+ Re6 42. Qf5+ Rf6 43. Qh5+ Kg8 44. Qe8+ Rf8 45. Qe6+
Kh8 46. Kb4 h6 47. Kc5 Rf6 48. Qe8+ Kh7 49. Kd5 Rf5+ 50. Ke6 Rf3 51. Qb8 Rf6+
52. Ke7 a6 53. Qc8 Rb6 54. Qf5+ Kh8 55. g4 Rb7+ 56. Ke8 Rb8+ 57. Kd7 Rb6 58.
Qh5 Rb7+ 59. Kc6 Rb5 60. Qe8+ Kh7 61. Qc8 Rg5 62. Kb7 a5 63. Qe6 Rb5+ 64. Kc7
Rg5 65. Kd7 Rb5 66. Qe4+ Kh8 67. Ke7 Rb6 68. Qa8+ Kh7 69. Qxa5 Rf6 70. Qe5 Kg8
71. Qd5+ Kh8 72. Qh5 Kg8 73. Qh4 Rf7+ 74. Ke6 Rf6+ 75. Ke5 Rf8 76. Qh5 Rf6 77.
Qh1 Rf8 78. Qd5+ Kh8 79. Ke6 Rf6+ 80. Ke7 Kh7 81. Qb7 Kg8 82. Qb4 Kh8 83. Qc5
Kg8 84. Qd5+ Kh8 85. Qg2 Kh7 86. Qa8 Rf4 87. Qc6 Rf6 88. Qc8 Rf2 89. Qc5 Rf6
90. Qd4 Kh8 91. Qe5 Kh7 92. Qh5 Kg8 93. Kd7 Rf7+ 94. Ke8 Rf6 95. Ke7 Rf4 96.
Qd5+ Kh8 97. Qe5 Rf6 98. Qh2 Kg8 99. Qh5 Rf4 100. Qd5+ Kh8 101. g5 hxg5 102.
Qxg5 Rf6 103. Qh5+ Kg8 104. Qd5+ Kh7 105. Qh1+ Kg8 106. Qh5 Rh6 107. Qe5 Rf6
108. Qxf6 gxf6 109. Kxf6 1/2-1/2

[Event "Sodingen- Bünde"]
[Site "?"]
[Date "2022.09.11"]
[Round "1.6"]
[White "Mueller, Frank"]
[Black "Moradi Kahlou, Benjamin"]
[Result "1/2-1/2"]
[WhiteElo "2019"]
[BlackElo "2057"]
[PlyCount "84"]
[SourceVersionDate "2023.06.22"]

1. e4 c6 2. d4 d5 3. Nd2 dxe4 4. Nxe4 Nf6 5. Nxf6+ exf6 6. c3 Bd6 7. Bd3 O-O 8.
Ne2 Re8 9. Qc2 h5 10. Bd2 Nd7 11. O-O-O Nf8 12. Kb1 Be6 13. Nf4 Bxf4 14. Bxf4
b5 15. Be4 Ng6 16. Bc1 Ne7 17. f4 f5 18. Bf3 g6 19. g3 a5 20. Rhe1 Nd5 21. Re5
Qd7 22. Qg2 Kg7 23. Rde1 Rab8 24. Ka1 Rbc8 25. h3 Nf6 26. Kb1 Bd5 27. Bxd5 cxd5
28. Qf3 Ne4 29. Rxe8 Rxe8 30. Re3 Rc8 31. Qe2 a4 32. a3 Qc6 33. g4 Qc4 34. Qf3
hxg4 35. hxg4 fxg4 36. Qxg4 Nf6 37. Qg2 Ne4 38. Qg4 Nf6 39. Qg2 Re8 40. Re5
Qd3+ 41. Qc2 Qxc2+ 42. Kxc2 Re6 1/2-1/2

[Event "Sodingen- Bünde"]
[Site "?"]
[Date "2022.09.11"]
[Round "1.7"]
[White "Altenbernd, Jannis"]
[Black "Hille, Ingo"]
[Result "1/2-1/2"]
[WhiteElo "1999"]
[BlackElo "2075"]
[Annotator "daniel"]
[PlyCount "60"]
[SourceVersionDate "2023.06.22"]

1. d4 b6 2. e4 e6 3. Bd3 Bb7 4. Ne2 d6 5. O-O Nd7 6. Be3 Ngf6 7. Ng3 h5 8. f3
Be7 9. a4 a6 10. Nd2 c5 11. c3 Qc7 12. Qe2 g6 13. Nh1 Kf8 14. Nf2 Kg7 15. f4
Ng8 $11 16. f5 exf5 17. exf5 Ndf6 18. fxg6 fxg6 19. Bg5 d5 20. Nh3 Bd6 21. Rxf6
Nxf6 22. Bxf6+ Kxf6 23. Rf1+ Kg7 24. Qe6 Rh6 25. Qf6+ Kg8 26. Ng5 Rf8 27. Qxf8+
Bxf8 28. Rxf8+ Kxf8 29. Ne6+ Ke7 30. Nxc7 c4 1/2-1/2

[Event "Sodingen- Bünde"]
[Site "?"]
[Date "2022.09.11"]
[Round "1.8"]
[White "Ribbeheger, Edgar"]
[Black "Gudath, Reiner"]
[Result "1-0"]
[WhiteElo "2029"]
[BlackElo "1967"]
[PlyCount "81"]
[SourceVersionDate "2023.06.22"]

1. d4 Nf6 2. c4 e6 3. Nf3 Bb4+ 4. Bd2 Qe7 5. Nc3 O-O 6. Qc2 d6 7. a3 Bxc3 8.
Bxc3 c5 9. e4 cxd4 10. Nxd4 e5 11. Nf5 Bxf5 12. exf5 d5 13. Bb4 Qd7 14. Bxf8
Kxf8 15. cxd5 Na6 16. Bxa6 bxa6 17. Qc5+ Kg8 18. Qc6 Qd8 19. O-O Rc8 20. Qxa6
h6 21. Rac1 Rxc1 22. Rxc1 Qxd5 23. Qxa7 Qd2 24. Qb8+ Kh7 25. Rf1 e4 26. Qb4 Qf4
27. h3 Qxf5 28. Qd2 g5 29. Re1 g4 30. Qe3 gxh3 31. gxh3 Qe5 32. b4 h5 33. Kh1
h4 34. Rg1 Qe6 35. Rg5 Kh8 36. Kg2 Nh7 37. Qd4+ Nf6 38. Rh5+ Kg7 39. Rxh4 Qf5
40. Qe3 Qg6+ 41. Qg3 1-0

[Event "Langenfeld- Porz 2"]
[Site "?"]
[Date "2022.09.11"]
[Round "1.1"]
[White "Pauly, Carlo"]
[Black "Rechmann, Peter"]
[Result "1/2-1/2"]
[WhiteElo "2314"]
[BlackElo "2297"]
[PlyCount "48"]
[SourceVersionDate "2023.06.22"]

1. d4 Nf6 2. c4 e6 3. Nc3 d5 4. Nf3 a6 5. Bg5 dxc4 6. e3 b5 7. a4 c6 8. Be2 Bb7
9. Ne5 Be7 10. axb5 cxb5 11. Bf3 Nd5 12. Bxd5 Bxd5 13. Nxd5 Bxg5 14. Qf3 Ra7
15. Nc3 Rc7 16. h4 Bf6 17. Ne4 O-O 18. h5 h6 19. O-O Bxe5 20. dxe5 Qd5 21. Qf4
Nd7 22. Rxa6 Qxe5 23. Qxe5 Nxe5 24. Rb6 Rd8 1/2-1/2

[Event "Langenfeld- Porz 2"]
[Site "?"]
[Date "2022.09.11"]
[Round "1.2"]
[White "Stoeber, Michael"]
[Black "Marcziter, Dmitrii"]
[Result "0-1"]
[WhiteElo "2195"]
[BlackElo "2246"]
[Annotator "daniel"]
[PlyCount "84"]
[SourceVersionDate "2023.06.22"]

1. Nf3 d5 2. c4 e6 3. e3 Nf6 4. b3 c5 5. Bb2 Nc6 6. Be2 Be7 7. O-O O-O 8. cxd5
exd5 9. d4 b6 10. Nc3 Bb7 11. Rc1 Rc8 12. dxc5 bxc5 13. Na4 Ne4 14. Nd2 Nxd2
15. Qxd2 Nb4 $11 16. a3 Na6 17. Rfd1 Qd6 18. Bf3 Rfd8 19. Qa5 Qb8 20. Rd2 d4
21. Bxb7 Qxb7 22. Rcd1 Nb8 23. exd4 Nc6 24. Qc3 Nxd4 25. Qe3 Re8 26. Qg3 Qxb3
27. Bxd4 Qxg3 28. hxg3 cxd4 29. Rxd4 Bxa3 30. Rd7 a5 31. Nb6 Rc6 32. Nd5 h6 33.
Ra1 Rc1+ 34. Rxc1 Bxc1 35. Ra7 Re1+ 36. Kh2 Bd2 37. Ne7+ Kh7 38. Nc6 Ra1 39.
Rxf7 Bc3 40. Ra7 a4 41. Ne7 a3 42. Nd5 Bd4 0-1

[Event "Langenfeld- Porz 2"]
[Site "?"]
[Date "2022.09.11"]
[Round "1.3"]
[White "Gallasch, Jonas"]
[Black "Vogelmann, Peter"]
[Result "1-0"]
[WhiteElo "2238"]
[BlackElo "2188"]
[PlyCount "73"]
[SourceVersionDate "2023.06.22"]

1. Nf3 Nf6 2. g3 g6 3. Bg2 Bg7 4. O-O O-O 5. d4 d6 6. c4 c5 7. dxc5 dxc5 8. Ne5
Nbd7 9. Nd3 Qc7 10. Nc3 a6 11. Qb3 e6 12. a4 h6 13. Qa3 Rd8 14. Bf4 Qa5 15.
Rfd1 Re8 16. Bd2 Qc7 17. a5 Ng4 18. Rac1 f5 19. Na4 Bf8 20. b4 cxb4 21. Bxb4
Bxb4 22. Qxb4 Rb8 23. Nb6 Nf8 24. Qc3 Qg7 25. Qxg7+ Kxg7 26. h3 Nf6 27. Ne5 g5
28. c5 Ng6 29. c6 bxc6 30. Nxc6 Rb7 31. Nd8 Rd7 32. Nxd7 Bxd7 33. Nb7 Bb5 34.
Nd6 Rb8 35. Nxb5 Rxb5 36. Rc7+ Kg8 37. Rc6 1-0

[Event "Langenfeld- Porz 2"]
[Site "?"]
[Date "2022.09.11"]
[Round "1.4"]
[White "Huelsmann, Josef"]
[Black "Sabirov, Ramil"]
[Result "1-0"]
[WhiteElo "2218"]
[BlackElo "2133"]
[PlyCount "101"]
[SourceVersionDate "2023.06.22"]

1. d4 Nf6 2. Bg5 Ne4 3. Bf4 d5 4. Nd2 Nf6 5. e3 g6 6. Bd3 Bg7 7. h3 O-O 8. Ngf3
c5 9. c3 b6 10. Ne5 Ba6 11. Qe2 Bxd3 12. Qxd3 Qc8 13. O-O Nbd7 14. Bh2 e6 15.
a4 a6 16. b4 c4 17. Qe2 b5 18. Ra2 Nb6 19. a5 Nbd7 20. f3 Ne8 21. e4 f5 22.
exd5 exd5 23. Re1 f4 24. Nxd7 Qxd7 25. Qe6+ Qxe6 26. Rxe6 Kf7 27. Rb6 Ke7 28.
Ra1 Nd6 29. g3 g5 30. gxf4 gxf4 31. Kf2 Rf7 32. Rg1 Bh8 33. Rg4 Raf8 34. Rxa6
Ke6 35. Nb1 h5 36. Rg6+ Rf6 37. Rxf6+ Rxf6 38. Na3 Kf5 39. Rb6 Re6 40. Nxb5
Nxb5 41. Rxb5 Rd6 42. Rb8 Bf6 43. Re8 Rd8 44. Re2 Ra8 45. Ke1 Ra6 46. Kd1 Kg5
47. Kc2 Kf5 48. Kb2 Kg5 49. Ka3 Kh4 50. Bxf4 Bxd4 51. cxd4 1-0

[Event "Langenfeld- Porz 2"]
[Site "?"]
[Date "2022.09.11"]
[Round "1.5"]
[White "Fieberg, Samuel"]
[Black "Reinemer, Frank"]
[Result "0-1"]
[WhiteElo "2187"]
[BlackElo "2093"]
[PlyCount "88"]
[SourceVersionDate "2023.06.22"]

1. e4 Nf6 2. e5 Nd5 3. d4 d6 4. c4 Nb6 5. exd6 cxd6 6. Nc3 g6 7. Be3 Bg7 8. Rc1
O-O 9. b3 h6 10. Nf3 Bg4 11. Be2 d5 12. c5 Nc8 13. b4 a6 14. h3 Bxf3 15. Bxf3
e6 16. a4 Nc6 17. b5 axb5 18. axb5 Na5 19. Be2 Ne7 20. Na4 Nc4 21. Bxc4 Qa5+
22. Nc3 dxc4 23. Qe2 Qb4 24. O-O Nf5 25. Ne4 Qxb5 26. Qxc4 Qc6 27. Nc3 Rfd8 28.
Rfd1 Rd7 29. Rb1 Rad8 30. Rb6 Qc7 31. Nb5 Nxe3 32. fxe3 Qg3 33. Qe2 Be5 34. Qf3
Qh2+ 35. Kf2 Ra8 36. Nc3 Ra3 37. Rc1 Bxd4 38. exd4 Rxd4 39. Ke2 Rf4 40. Qxb7
Qg3 41. Rf1 Qxc3 42. Qb8+ Kh7 43. Qxf4 Ra2+ 44. Kd1 Qc2+ 0-1

[Event "Langenfeld- Porz 2"]
[Site "?"]
[Date "2022.09.11"]
[Round "1.6"]
[White "Pejkovic, Patrick"]
[Black "Gluma, Christian"]
[Result "0-1"]
[WhiteElo "2123"]
[BlackElo "2107"]
[PlyCount "132"]
[SourceVersionDate "2023.06.22"]

1. Nf3 g6 2. c4 Bg7 3. Nc3 d6 4. g3 e5 5. Bg2 f5 6. d3 Nf6 7. O-O O-O 8. c5 Nc6
9. Qb3+ Kh8 10. Ng5 Qe7 11. cxd6 cxd6 12. e3 h6 13. Nf3 Be6 14. Qa3 a6 15. Bd2
g5 16. b4 d5 17. Qb2 e4 18. Nd4 Nxd4 19. exd4 Nd7 20. dxe4 fxe4 21. Be3 Nb6 22.
a4 Nc4 23. Qb3 b6 24. Rac1 Qd7 25. Qa2 Rac8 26. Qe2 Bg4 27. Qa2 Bf3 28. Rfe1
Qf5 29. Bf1 b5 30. axb5 axb5 31. Qa6 Bg4 32. Qa2 Qd7 33. Qa6 Rb8 34. Be2 Rf3
35. Nd1 Rbf8 36. Ra1 Qf5 37. Qxb5 Rxe3 38. fxe3 Bxe2 39. Ra8 Rxa8 40. Rxe2 Rf8
41. Rf2 Qe6 42. Qc5 Qd6 43. Qxd6 Nxd6 44. Rxf8+ Bxf8 45. Nc3 Kg7 46. Nxd5 Nb5
47. g4 Kf7 48. Kf2 Ke6 49. Nb6 Bxb4 50. Ke2 Nc3+ 51. Kf2 Nd5 52. Nc4 Bd6 53. h3
Bc7 54. Ke2 Ne7 55. Na3 Kd5 56. Kf2 Ba5 57. Nb5 Kc4 58. Nd6+ Kd3 59. Nf7 Bd2
60. Ne5+ Kc3 61. Ke2 Nd5 62. Nf7 Bxe3 63. Nxh6 Bxd4 64. Nf7 Nf4+ 65. Kf1 Bf6
66. Kf2 Kd3 0-1

[Event "Langenfeld- Porz 2"]
[Site "?"]
[Date "2022.09.11"]
[Round "1.7"]
[White "Borna, Mohammadi Nia"]
[Black "Weißhaupt, Rainer"]
[Result "1-0"]
[WhiteElo "2109"]
[BlackElo "2087"]
[PlyCount "57"]
[SourceVersionDate "2023.06.22"]

1. e4 e5 2. Nf3 Nc6 3. Bb5 Bc5 4. O-O Nf6 5. c3 O-O 6. d4 Bb6 7. Bg5 h6 8. Bxf6
Qxf6 9. Bxc6 Qxc6 10. Nxe5 Qxe4 11. Nd2 Qf5 12. Nec4 d6 13. a4 a5 14. Nxb6 cxb6
15. Nc4 d5 16. Nxb6 Ra6 17. Nxc8 Rxc8 18. Re1 Rb6 19. Re5 Qd7 20. Qe2 Re6 21.
Rxe6 fxe6 22. Re1 Rc6 23. Qb5 Qc7 24. Re5 Kf7 25. Qe2 Qb6 26. f4 g6 27. h4 h5
28. f5 exf5 29. Re7+ 1-0

[Event "Langenfeld- Porz 2"]
[Site "?"]
[Date "2022.09.11"]
[Round "1.8"]
[White "Wolfradt, Dirk"]
[Black "Gallasch, Robin"]
[Result "0-1"]
[WhiteElo "2147"]
[BlackElo "2015"]
[PlyCount "38"]
[SourceVersionDate "2023.06.22"]

1. e4 c6 2. d4 d5 3. f3 dxe4 4. fxe4 e5 5. Nf3 Bg4 6. Bc4 Nd7 7. O-O Ngf6 8.
Bg5 Qc7 9. Bxf6 Nxf6 10. dxe5 Bxf3 11. Qxf3 Qxe5 12. Qc3 Bc5+ 13. Kh1 Bd4 14.
Qb3 O-O 15. Nd2 Bb6 16. Rf5 Qd4 17. Nf3 Qxe4 18. Bxf7+ Rxf7 19. Qxf7+ Kxf7 0-1

[Event "Brackel 2- Oberhausen"]
[Site "?"]
[Date "2022.09.11"]
[Round "1.1"]
[White "Becker, Marcel"]
[Black "Stemmler, Fabian"]
[Result "1/2-1/2"]
[WhiteElo "2326"]
[BlackElo "2107"]
[PlyCount "85"]
[SourceVersionDate "2023.06.22"]

1. d4 e6 2. c4 f5 3. g3 Nf6 4. Bg2 Be7 5. Nf3 O-O 6. O-O d6 7. Nc3 Ne4 8. Qc2
Nxc3 9. Qxc3 a5 10. b3 Nc6 11. Bb2 Bf6 12. Rad1 Qe8 13. Qd2 e5 14. d5 Nb8 15.
Ng5 Bxg5 16. Qxg5 f4 17. gxf4 Rf5 18. Qg3 Rxf4 19. h3 Qh5 20. Bc1 Rf6 21. f4
Rg6 22. Qf3 Qxf3 23. Rxf3 Nd7 24. Kh2 exf4 25. Bxf4 Rf6 26. Bg5 Rxf3 27. Bxf3
Nf6 28. c5 Bf5 29. Bxf6 gxf6 30. Rc1 a4 31. b4 a3 32. e4 Bg6 33. cxd6 cxd6 34.
Rc7 f5 35. exf5 Bxf5 36. Bd1 b5 37. Rc6 Bb1 38. Bb3 Re8 39. Rxd6 Bxa2 40. Bxa2
Re2+ 41. Kg3 Rxa2 42. Ra6 Rb2 43. Rxa3 1/2-1/2

[Event "Brackel 2- Oberhausen"]
[Site "?"]
[Date "2022.09.11"]
[Round "1.2"]
[White "Garbuz, Vitaliy"]
[Black "Hort, Vlastimil"]
[Result "1-0"]
[WhiteElo "2133"]
[BlackElo "2351"]
[PlyCount "65"]
[SourceVersionDate "2023.06.22"]

1. e4 c6 2. Nf3 d5 3. d3 g6 4. Nbd2 Bg7 5. g3 e5 6. Bg2 Ne7 7. O-O O-O 8. Re1
Re8 9. exd5 Nxd5 10. Nc4 f6 11. Bd2 Nb6 12. Ba5 Be6 13. Nfd2 Bd5 14. Bb4 Bxg2
15. Kxg2 Nd5 16. a3 Na6 17. Nb3 Naxb4 18. axb4 Nxb4 19. Qd2 Nd5 20. d4 exd4 21.
Rxe8+ Qxe8 22. Re1 Qd7 23. Qxd4 b6 24. Qe4 Kf7 25. Qf3 Kg8 26. Qe4 f5 27. Qe6+
Qxe6 28. Rxe6 Bxb2 29. Nxb2 c5 30. Rd6 Nc3 31. Rd7 a5 32. Rd3 Ne4 33. f3 1-0

[Event "Brackel 2- Oberhausen"]
[Site "?"]
[Date "2022.09.11"]
[Round "1.3"]
[White "Kummerow, Heiko"]
[Black "Kracht, Raphael"]
[Result "0-1"]
[WhiteElo "2212"]
[BlackElo "2101"]
[PlyCount "174"]
[SourceVersionDate "2023.06.22"]

1. e4 e5 2. Nf3 Nc6 3. Bc4 Bc5 4. b4 Bxb4 5. c3 Ba5 6. d4 d6 7. Qb3 Qd7 8. O-O
Bb6 9. Nbd2 Na5 10. Qc2 Ne7 11. dxe5 O-O 12. exd6 cxd6 13. Bd3 Ng6 14. Nb3 Ne5
15. Be2 Qc7 16. Bf4 Nac4 17. Nfd4 Bd7 18. a4 a6 19. Qa2 Rae8 20. Bg3 Na5 21.
Rac1 Nxb3 22. Qxb3 Bc5 23. Ra1 Kh8 24. Rfb1 Bc8 25. Re1 Nc6 26. Qd5 Ne7 27. Qh5
Ng6 28. Bg4 Bxg4 29. Qxg4 Ne5 30. Qd1 Qa5 31. Qb3 Rc8 32. Nf5 Qc7 33. Rad1 g6
34. Nd4 Ba7 35. Qd5 Rfe8 36. Re3 Rcd8 37. Bh4 Rc8 38. Bf6+ Kg8 39. Rg3 Bxd4 40.
Qxd4 Re6 41. Bg5 Nc6 42. Qc4 Rce8 43. Re3 Qa5 44. Bf4 Ne5 45. Qb3 Ng4 46. Ree1
Rxe4 47. Rxe4 Rxe4 48. Bxd6 Qxa4 49. Qb1 Re8 50. h3 Nf6 51. Rd4 Qc6 52. Bb4 Qe6
53. c4 Qe2 54. Bd2 Ne4 55. Be3 Nc3 56. Qc1 Na4 57. c5 Qb5 58. Rc4 Nb2 59. Rc3
Rd8 60. Qc2 Nd1 61. Rb3 Nxe3 62. fxe3 Qa4 63. Qc3 Qe4 64. Rb4 Qc6 65. Rb6 Qc7
66. Qb4 Qg3 67. Rd6 Qxe3+ 68. Kh1 Qc1+ 69. Kh2 Re8 70. Rd5 Qe3 71. Qh4 Qe7 72.
Qd4 h5 73. Qc4 Qe6 74. Qd4 Kh7 75. Rd7 Re7 76. Rd5 f6 77. Qd3 Kg7 78. Qd4 Kf7
79. Qd3 Qe3 80. Qc4 Qe6 81. Qd3 Qe4 82. Qd2 g5 83. Qd1 Qf4+ 84. Kh1 Kg6 85. Rd3
Qf2 86. Kh2 Re1 87. Qf3 Qxc5 0-1

[Event "Brackel 2- Oberhausen"]
[Site "?"]
[Date "2022.09.11"]
[Round "1.4"]
[White "Gerlach, Felix"]
[Black "Alkhazashvili, Ololi"]
[Result "0-1"]
[WhiteElo "2071"]
[BlackElo "2183"]
[PlyCount "110"]
[SourceVersionDate "2023.06.22"]

1. c4 c5 2. g3 g6 3. Bg2 Bg7 4. Nc3 Nc6 5. Nf3 d6 6. O-O e5 7. a3 a5 8. d3 Nge7
9. Ne1 O-O 10. Nc2 Nd4 11. Ne3 a4 12. Rb1 Ra7 13. b4 axb3 14. Ned5 Nxd5 15.
Nxd5 Bg4 16. f3 Bd7 17. e3 Ba4 18. Nc3 b2 19. Nxa4 bxc1=Q 20. Rxc1 Nf5 21. Re1
Bh6 22. f4 exf4 23. exf4 Qa5 24. Nc3 Bg7 25. Nb5 Raa8 26. Bxb7 Rab8 27. Be4
Bd4+ 28. Kh1 Rxb5 29. cxb5 Qxb5 30. Rb1 Qa5 31. Qb3 Ne3 32. Re2 Ng4 33. Bf3 Nf6
34. a4 h5 35. h3 Qd8 36. Kh2 Nh7 37. Qb7 h4 38. Qe7 hxg3+ 39. Kxg3 Qa5 40. Bd5
Qc3 41. Rb3 Qa1 42. Rb7 g5 43. fxg5 Qg1+ 44. Rg2 Qf1 45. Qe4 Kh8 46. Re7 Nxg5
47. Qe2 Qf6 48. Qh5+ Nh7 49. Ree2 Rg8+ 50. Kh2 Qf4+ 51. Kh1 Qf1+ 52. Kh2 Bg1+
53. Kh1 Bf2+ 54. Kh2 Rxg2+ 55. Bxg2 Qg1# 0-1